000 01350nam a22003017a 4500
003 OSt
005 20250319122350.0
008 240130b ||||| |||| 00| 0 eng d
040 _c0
082 _aDPer 621.317 Ie21 January 2022 v.37 n. 1
100 _aShen, Xiaoning.
_eauthor.
_950983
245 _aAdaptive second-order sliding mode control for grid-connected NPC converters with enhanced disturbance rejection /
_cXiaoning Shen, Jianxing Liu, Abraham Marquez Alcaide, Yunfei Yin, Jose I. Leon, Sergio Vazquez, Ligang Wu, and Leopoldo G. Franquelo.
260 _aNew York ;
_bThe Institute of Electrical and Electronics Engineers, Inc.,
_cJanuary 2022.
300 _avolume 37, pages 206-220,
_billustration.
500 _aIEEE Transactions on Power Electronics, v. 37 n. 1, pages 206-220, January 2022.
650 0 _aControl systems.
_965713
650 0 _aPower measurement.
_965748
650 0 _aVoltage measurement.
_965722
700 _aShen, Xiaoning.
_eauthor.
_950983
700 _aLiu, Jianxing.
_eauthor.
_950984
700 _aAlcaide, Abraham Marquez.
_eauthor.
_950985
700 _aYin, Yunfei.
_eauthor.
_950986
700 _aLeon, Jose I.
_eauthor.
_950987
700 _aVazquez, Sergio.
_eauthor.
_950988
700 _aWu, Ligang.
_eauthor.
_950989
700 _aFranquelo, Leopoldo G.
_eauthor.
_950990
942 _2ddc
_cPER
999 _c18821
_d18821